Statistics for TVFilthyFrank Character Quiz

Click here to take the quiz!

General Stats

  • This quiz has been taken 5 times
  • The average score is 7 of 15

Answer Stats

HintAnswer% Correct
Guy with sunglasses roasting people on the internetFake Frank
100%
Screaming guy roasting people on the internetFilthy Frank
100%
Guy in a pink suitPink Guy
100%
Content CopIdubbbz
67%
He got a PewDiePie tattooChad
33%
Dark lord in a black suitChin Chin
33%
Guy obsessed with Fruit SnacksDade
33%
Small dogDerek
33%
Guy who offers Frank some ravioliEthan
33%
Bakes a cake with FrankMaxMoeFoe
33%
Creature with a mask and a black suit, causing Frank to dissapearPeace Lord
33%
Very strong guy, appears in Rock Paper Scissors EpisodePrometheus
33%
Japanese guy who is always on vacationSafari Man
33%
Guy who plays nosefluteSalamander Man
33%
Very fast guy in a green suitSpeed Lord
33%

Score Distribution

Percentile by Number Answered

Percent of People with Each Score

Your Score History

You have not taken this quiz